[Event "WJun Girls"]
[Site "Yerevan ARM"]
[Date "2006.10.15"]
[Round "12"]
[White "Schoene,Mar"]
[Black "Topel,Z"]
[Result "1-0"]
[WhiteElo "2155"]
[BlackElo "2256"]
[EventDate "2006.10.03"]

1. e4 c5 2. Nf3 d6 3. d4 cxd4 4. Nxd4 Nf6 5. Nc3 Nc6 6. Bg5 e6 7. Qd2 a6 8.
O-O-O h6 9. Be3 Be7 10. f3 Qc7 11. Kb1 Na5 12. g4 b5 13. Bd3 b4 14. Nce2 d5
15. e5 Nd7 16. f4 Nc4 17. Qc1 Nc5 18. h4 Bd7 19. g5 h5 20. g6 f6 21. exf6
Bxf6 22. Bxc4 dxc4 23. f5 e5 24. Ne6 Nxe6 25. fxe6 Bxe6 26. Nf4 exf4 27.
Bxf4 Qa5 28. Qe3 Qf5 29. Rd6 O-O 30. Qxe6+ Qxe6 31. Rxe6 Rae8 32. Rxa6 Bxh4
33. Bd2 Bf2 34. Bxb4 Rf5 35. a3 h4 36. Rc6 Rf6 37. Rxf6 gxf6 38. Rf1 Re2
39. Kc1 h3 40. Kd1 h2 41. Rh1 Re4 42. Rxh2 Bd4 43. Rg2 Kg7 44. a4 Rh4 45.
b3 Be5 46. Bc5 Rh3 47. b4 Ra3 48. a5 Ra4 49. Kd2 f5 50. Re2 Bf6 51. Re6 f4
52. a6 f3 53. a7 Bg5+ 54. Kc3 Ra3+ 55. Kxc4 Bd2 56. Bd4+ 1-0

[Event "WJun Girls"]
[Site "Yerevan ARM"]
[Date "2006.10.16"]
[Round "13"]
[White "Rudolf,An"]
[Black "Melia,S"]
[Result "1/2-1/2"]
[WhiteElo "2265"]
[BlackElo "2395"]
[EventDate "2006.10.03"]

1. e4 c6 2. d4 d5 3. exd5 cxd5 4. c4 Nf6 5. Nc3 e6 6. Nf3 Bb4 7. Bd3 dxc4
8. Bxc4 Qc7 9. Qd3 O-O 10. O-O b6 11. Bg5 Nbd7 12. Rac1 Bxc3 13. Rxc3 Qd6
14. Bh4 Bb7 15. Bg3 Qe7 16. Re1 Nd5 17. Bxd5 Bxd5 18. Rc7 Qd8 19. Rec1 Nf6
20. Be5 Ne8 21. R7c3 f6 22. Bg3 Nd6 23. Nd2 Nf5 24. f3 Qe8 25. Bf2 Qg6 26.
Rc7 Rfd8 27. Qe2 Qg5 28. Ne4 Qf4 29. g3 Qh6 30. g4 Nh4 31. Bxh4 Qxh4 32.
Nc3 Qg5 33. Nxd5 Qxd5 34. Re7 Re8 35. Rxe8+ Rxe8 36. Qe4 Qxa2 37. Qc6 Rd8
38. Re1 Qd5 39. Rxe6 Qxd4+ 40. Kg2 Qd7 41. Qe4 Rc8 42. Re7 Qc6 43. Qxc6
Rxc6 44. Rxa7 Rc2+ 45. Kg3 Rxb2 46. Rb7 Kf8 47. h3 b5 48. h4 b4 49. h5 h6
50. Kf4 Rb3 51. Kg3 Rb1 52. Kf4 Rb3 53. Kg3 Kg8 54. Kf4 Rb1 55. Kf5 Kh7 56.
Ke4 b3 57. Kf5 Rb2 58. Rb8 Rb1 59. Rb7 Rb2 60. Rb8 Rb1 61. Rb7 Rb2 1/2-1/2

[Event "WJun Girls"]
[Site "Yerevan ARM"]
[Date "2006.10.16"]
[Round "13"]
[White "Mongontuul,B"]
[Black "Karavade,E"]
[Result "1/2-1/2"]
[WhiteElo "2383"]
[BlackElo "2321"]
[EventDate "2006.10.03"]

1. e4 c5 2. Nf3 d6 3. d4 cxd4 4. Nxd4 Nf6 5. Nc3 a6 6. Be3 e5 7. Nb3 Be6 8.
f3 Nbd7 9. g4 b5 10. g5 b4 11. Ne2 Nh5 12. Ng3 Nf4 13. h4 h6 14. gxh6 Rxh6
15. h5 Be7 16. Qd2 Bh4 17. Bf2 Bg5 18. Be3 Bh4 19. Bf2 Nxh5 20. Rxh4 Qxh4
21. Nf5 Qf4 22. Nxh6 Qxd2+ 23. Nxd2 gxh6 24. a3 Rc8 25. axb4 Rxc2 26. b3
Nf4 27. Bxa6 h5 28. Kd1 Rc3 29. Bc4 Bxc4 30. bxc4 Nd3 31. Bh4 Nb6 32. Ra6
Nb2+ 33. Ke2 N2xc4 34. Nxc4 Nxc4 35. Be1 Rb3 36. Rc6 Na3 37. Rxd6 Nb5 38.
Rh6 Nd4+ 39. Kf2 Rxf3+ 40. Kg2 Re3 41. Bf2 Rxe4 42. Rxh5 f6 43. Rh7 Re2 44.
Kf1 Rd2 45. Bh4 Rd3 46. Kg2 Rf3 47. b5 Rb3 48. Bxf6 Rxb5 49. Re7+ Kf8
1/2-1/2

[Event "WJun Girls"]
[Site "Yerevan ARM"]
[Date "2006.10.16"]
[Round "13"]
[White "Mikadze,M"]
[Black "Andriasian,S"]
[Result "1/2-1/2"]
[WhiteElo "2229"]
[BlackElo "2264"]
[EventDate "2006.10.03"]

1. e4 e5 2. Nf3 Nc6 3. Bb5 a6 4. Ba4 Nf6 5. Qe2 b5 6. Bb3 Bc5 7. O-O O-O 8.
c3 d6 9. d3 h6 10. Be3 Bxe3 11. fxe3 Na5 12. Bc2 c5 13. Nbd2 Nc6 14. h3 a5
15. a4 b4 16. Bb3 Rb8 17. Kh2 Be6 18. Bxe6 1/2-1/2

[Event "WJun Girls"]
[Site "Yerevan ARM"]
[Date "2006.10.16"]
[Round "13"]
[White "Abrahamyan,T"]
[Black "Hou Yifan"]
[Result "0-1"]
[WhiteElo "2292"]
[BlackElo "2481"]
[EventDate "2006.10.03"]

1. e4 c5 2. Nf3 d6 3. d4 cxd4 4. Nxd4 Nf6 5. Nc3 a6 6. Be3 e5 7. Nb3 Be7 8.
f3 Be6 9. Qd2 O-O 10. O-O-O Nbd7 11. g4 b5 12. g5 b4 13. Ne2 Ne8 14. f4 a5
15. f5 a4 16. fxe6 axb3 17. exf7+ Rxf7 18. Kb1 bxc2+ 19. Kxc2 Nb6 20. Nc1
d5 21. exd5 Nd6 22. Kb1 Nbc4 23. Bxc4 Nxc4 24. Qe2 Nxe3 25. Qxe3 Bxg5 26.
Qb3 Qd6 27. Rhe1 Rfa7 28. Re4 Bxc1 29. Rxc1 Rxa2 30. Rc6 Ra1+ 31. Kc2 Qf8
32. d6+ Kh8 33. Qd3 Qf2+ 34. Re2 b3+ 35. Kxb3 Rb8+ 36. Kc3 Rc1+ 37. Rc2
Rxc2+ 38. Qxc2 Qd4+ 0-1

[Event "WJun Girls"]
[Site "Yerevan ARM"]
[Date "2006.10.16"]
[Round "13"]
[White "Papadopoulou,V"]
[Black "Kadziolka,B"]
[Result "1/2-1/2"]
[WhiteElo "2246"]
[BlackElo "2346"]
[EventDate "2006.10.03"]

1. d4 f5 2. Nf3 Nf6 3. Bg5 Ne4 4. Bf4 d6 5. Nbd2 Nd7 6. e3 Ndf6 7. Bd3 g6
8. c3 Bg7 9. Qc2 Nxd2 10. Nxd2 Be6 11. Bg3 Qd7 12. e4 fxe4 13. Nxe4 Nxe4
14. Bxe4 O-O-O 15. O-O-O Rhf8 16. Kb1 Rde8 17. f3 Bf5 1/2-1/2

[Event "WJun Girls"]
[Site "Yerevan ARM"]
[Date "2006.10.16"]
[Round "13"]
[White "Martirosyan,L"]
[Black "Solic,K"]
[Result "0-1"]
[WhiteElo "2111"]
[BlackElo "2129"]
[EventDate "2006.10.03"]

1. d4 Nf6 2. c4 e6 3. Nf3 d5 4. Bg5 Be7 5. Nc3 Nbd7 6. e3 b6 7. Ne5 Bb7 8.
cxd5 Nxd5 9. Bxe7 Nxe7 10. Qa4 c6 11. Nxd7 Qxd7 12. Bd3 O-O 13. O-O Nd5 14.
Ne4 Qe7 15. Rac1 e5 16. Ng3 exd4 17. exd4 Nf4 18. Rfe1 Qg5 19. Be4 h5 20.
Kf1 h4 21. Nf5 Rfe8 22. Qc2 Ba6+ 23. Kg1 Rxe4 0-1

[Event "WJun Girls"]
[Site "Yerevan ARM"]
[Date "2006.10.16"]
[Round "13"]
[White "Hakimifard,G"]
[Black "Topel,Z"]
[Result "0-1"]
[WhiteElo "1962"]
[BlackElo "2256"]
[EventDate "2006.10.03"]

1. e4 c5 2. Nf3 d6 3. d4 cxd4 4. Nxd4 Nf6 5. Nc3 Nc6 6. Bg5 e6 7. Qd2 a6 8.
O-O-O h6 9. Nxc6 bxc6 10. Bf4 d5 11. e5 Nd7 12. Bd3 Bb7 13. Bg3 Bb4 14. Be2
Qa5 15. Kb1 Rb8 16. f4 Bc8 17. Ka1 g6 18. Bf2 c5 19. Qd3 Nb6 20. Ne4 c4 21.
Nf6+ Kf8 22. Qf3 Na4 23. Bd4 Nxb2 24. Bxb2 c3 25. Bc1 Ba3 26. Nxd5 Bxc1 27.
Rxc1 exd5 28. Rb1 Rxb1+ 29. Rxb1 Kg7 30. Bd3 d4 31. Qg3 Be6 32. Rb3 Bxb3
33. cxb3 Qa3 34. Qf2 Qc1+ 35. Bb1 Qd2 36. Qxd2 cxd2 37. Bc2 Rc8 38. Kb2 d3
0-1

[Event "WJun Girls"]
[Site "Yerevan ARM"]
[Date "2006.10.16"]
[Round "13"]
[White "Pourkashiyan,A"]
[Black "Hoang Thi Bao Tram"]
[Result "1-0"]
[WhiteElo "2330"]
[BlackElo "2345"]
[EventDate "2006.10.03"]

1. e4 c6 2. d4 d5 3. Nd2 dxe4 4. Nxe4 Nd7 5. Bc4 Ngf6 6. Ng5 e6 7. Qe2 Nb6
8. Bd3 h6 9. N5f3 c5 10. dxc5 Bxc5 11. Ne5 O-O 12. Ngf3 Nbd7 13. O-O Qc7
14. Bf4 Bd6 15. Rad1 Nxe5 16. Nxe5 b6 17. Bg3 Rd8 18. Bc4 Bb7 19. Nxf7 Qc6
20. Bd5 exd5 21. Qe6 Bxg3 22. Nxd8+ Qxe6 23. Nxe6 Be5 24. c3 Re8 25. Nd4 a6
26. Rfe1 Kf7 27. Nf3 Bc7 28. Rxe8 Kxe8 29. Re1+ Kf7 30. Ne5+ Ke6 31. Ng6+
Ne4 32. f3 Kf7 33. Nh8+ Kg8 34. Ng6 Nc5 35. Re8+ Kf7 36. Re7+ Kxg6 37. Rxc7
Ba8 38. Rc8 Bb7 39. Rc7 Ba8 40. Rc8 Bb7 41. Rb8 1-0

[Event "WJun Girls"]
[Site "Yerevan ARM"]
[Date "2006.10.16"]
[Round "13"]
[White "Hamrakulova,Y"]
[Black "Sachdev,T"]
[Result "1/2-1/2"]
[WhiteElo "2209"]
[BlackElo "2383"]
[EventDate "2006.10.03"]

1. d4 Nf6 2. Nf3 e6 3. c4 b6 4. g3 Bb7 5. Bg2 Be7 6. O-O O-O 7. Nc3 Ne4 8.
Qc2 Nxc3 9. Qxc3 f5 10. d5 Bf6 11. Qc2 Na6 12. Ne1 Nc5 13. Nd3 Ne4 14. dxe6
dxe6 15. Bf4 Qe7 16. Be5 Rad8 17. Rad1 Rd7 18. Bxf6 Qxf6 19. c5 bxc5 20. f3
c4 21. Qxc4 Nd6 22. Qa4 Re7 23. Nc5 Qe5 24. Nxb7 Qe3+ 25. Kh1 Nxb7 26. Qd4
Qxe2 27. Qxa7 Rd8 28. Rxd8+ Nxd8 29. Qf2 Qd3 30. f4 Rd7 31. h3 Qc4 32. a3
Qb3 33. Kh2 Nf7 34. Rc1 Nd6 35. Rc3 Qa2 36. Qd2 Kf7 37. Rd3 h6 38. b4 Qb1
39. Qd1 Qb2 40. Qd2 Qb1 41. Qd1 Qb2 42. Qd2 1/2-1/2

[Event "WJun Girls"]
[Site "Yerevan ARM"]
[Date "2006.10.16"]
[Round "13"]
[White "Zhang Jilin"]
[Black "Soumya,S"]
[Result "1-0"]
[WhiteElo "2292"]
[BlackElo "2154"]
[EventDate "2006.10.03"]

1. e4 c5 2. Nf3 e6 3. d4 cxd4 4. Nxd4 Nf6 5. Nc3 d6 6. Be2 a6 7. O-O Be7 8.
f4 Nc6 9. Be3 Bd7 10. Kh1 O-O 11. Qe1 b5 12. a3 Qb8 13. Bf3 Nxd4 14. Bxd4
e5 15. Be3 Bc6 16. Rd1 a5 17. Qg3 Re8 18. b4 axb4 19. axb4 Qb7 20. f5 Nxe4
21. Nxe4 Bxe4 22. f6 Bf8 23. Bh6 Ra3 24. Bxg7 Rxf3 25. Rxf3 Bg6 26. Bxf8
Rxf8 27. Rxd6 Qe4 28. h3 Qxb4 29. Qxe5 Qb1+ 30. Kh2 Qxc2 31. Qxb5 Qc7 32.
Qe5 h6 33. Qe7 Rc8 34. Rg3 Kh7 35. Rd4 h5 36. Rd5 Qf4 37. Qe5 Qxe5 38. Rxe5
Rc6 39. Rf3 Kh6 40. Kg3 Rc2 41. Rf2 h4+ 42. Kf3 Rc3+ 43. Kf4 Rc4+ 44. Ke3
Rc3+ 45. Kd4 Rd3+ 46. Kc5 1-0

[Event "WJun Girls"]
[Site "Yerevan ARM"]
[Date "2006.10.16"]
[Round "13"]
[White "Dolgova,O"]
[Black "Schoene,Mar"]
[Result "1-0"]
[WhiteElo "2259"]
[BlackElo "2155"]
[EventDate "2006.10.03"]

1. d4 Nf6 2. Bg5 Ne4 3. Bf4 c5 4. f3 Nf6 5. d5 d6 6. c4 g6 7. Nc3 Bg7 8.
Qd2 Qa5 9. e4 O-O 10. Bd3 a6 11. Nge2 b5 12. cxb5 Nfd7 13. bxa6 Bxa6 14.
Bxa6 Nxa6 15. Bh6 Ne5 16. Bxg7 Kxg7 17. O-O Nc4 18. Qc1 Rfb8 19. b3 Ne5 20.
f4 Nd7 21. Qe3 Nb4 22. Rfc1 Qa3 23. Qd2 Rf8 24. Na4 f5 25. Rc4 fxe4 26.
Rxe4 Nf6 27. Rxe7+ Rf7 28. Rxf7+ Kxf7 29. Nec3 Na6 30. Nb5 Qb4 31. Nxd6+
Ke7 32. Qe2+ Kf8 33. Rd1 Qxf4 34. Qe6 Kg7 35. Qe7+ Kh6 36. Nf7+ Kg7 37. g3
Qb4 38. Nd6+ Kg8 39. Qxf6 Rf8 40. Qe6+ 1-0

[Event "WJun Girls"]
[Site "Yerevan ARM"]
[Date "2006.10.16"]
[Round "13"]
[White "Perez Rodriguez,Je"]
[Black "Zarkua,E"]
[Result "1-0"]
[WhiteElo "2250"]
[BlackElo "1920"]
[EventDate "2006.10.03"]

1. e4 c5 2. c3 Nf6 3. e5 Nd5 4. d4 cxd4 5. Nf3 Nc6 6. cxd4 d6 7. Bc4 Nb6 8.
Bb3 dxe5 9. d5 Na5 10. Nc3 Nxb3 11. Qxb3 e4 12. Ng5 Bf5 13. Be3 h6 14. Bxb6
Qxb6 15. Qxb6 axb6 16. Ngxe4 e6 17. Ng3 Bg6 18. dxe6 fxe6 19. O-O Bb4 20.
Nge4 Kf7 21. a3 Be7 22. Rfe1 Rhd8 23. Red1 Rac8 24. Rxd8 Rxd8 25. Kf1 Bf6
26. Nxf6 Bd3+ 27. Kg1 gxf6 28. Rd1 Ke7 29. f3 Bc2 30. Rxd8 Kxd8 31. Kf2 Ke7
32. Ke3 Kd6 33. Ne4+ Bxe4 34. Kxe4 Kc5 35. h4 Kc4 36. g4 Kc5 37. f4 Kd6 38.
g5 hxg5 39. hxg5 Ke7 40. gxf6+ Kxf6 41. a4 Kf7 42. Ke5 Ke7 43. b3 b5 44. a5
Kd7 45. Kf6 Kd6 46. Kf7 Kd7 47. b4 Kd6 48. Ke8 Kc6 49. Ke7 Kd5 50. Kd7 Ke4
51. Kxe6 Kxf4 52. Kd7 Ke5 53. Kc7 Kd5 54. Kxb7 1-0

[Event "WJun Girls"]
[Site "Yerevan ARM"]
[Date "2006.10.16"]
[Round "13"]
[White "Aghabekian,L"]
[Black "Butskhrikidze,A"]
[Result "0-1"]
[WhiteElo "2179"]
[BlackElo "2001"]
[EventDate "2006.10.03"]

1. e4 c5 2. Nf3 d6 3. d4 cxd4 4. Nxd4 Nf6 5. Nc3 a6 6. Bg5 e6 7. f4 Be7 8.
Qf3 Nbd7 9. O-O-O Qc7 10. g4 h6 11. Bxf6 gxf6 12. Bd3 b5 13. Rhe1 Bb7 14.
Nd5 exd5 15. exd5 Kd8 16. Nf5 Bf8 17. Nd4 Qc5 18. Nc6+ Kc7 19. Bf5 Bxc6 20.
dxc6 Nb6 21. Qh3 d5 22. Qh5 Kxc6 23. Qxf7 Bd6 24. Qxf6 Raf8 25. Qg6 Rfg8
26. Qf6 Rf8 27. Qg6 Qf2 28. Re6 Qxf4+ 29. Kb1 Rhg8 30. Qh5 Nc4 31. Qh3 Nd2+
32. Kc1 Ne4+ 33. Kb1 Nd2+ 34. Kc1 Nf3+ 35. Kb1 Re8 36. Rxh6 Nd2+ 37. Ka1
Re3 38. Qh4 Qd4 39. Rc1 Nc4 40. c3 Qd2 41. Rb1 Rge8 42. Re6 R8xe6 43. Bxe6
Rxe6 44. Qd8 Re1 45. Qc8+ Kb6 46. Qd8+ Bc7 47. Qf6+ Kb7 0-1

[Event "WJun Girls"]
[Site "Yerevan ARM"]
[Date "2006.10.16"]
[Round "13"]
[White "Videnova,I"]
[Black "Kharatyan,A"]
[Result "1/2-1/2"]
[WhiteElo "2141"]
[BlackElo "2070"]
[EventDate "2006.10.03"]

1. c4 f5 2. Nc3 Nf6 3. g3 e6 4. Bg2 Be7 5. Nf3 d5 6. d4 c6 7. O-O O-O 8. b3
Ne4 9. Bb2 Nd7 10. Nd2 Bd6 11. Ndxe4 fxe4 12. f3 exf3 13. Bxf3 dxc4 14.
bxc4 e5 15. Ne4 Bc7 16. d5 cxd5 17. cxd5 Nf6 18. d6 Bb6+ 19. Kg2 Ng4 20.
Qd5+ Kh8 21. Bxg4 Bxg4 22. Bxe5 Qd7 23. Ng5 h6 24. Nf7+ Kh7 25. Qe4+ g6 26.
Qf4 Be3 27. Qxe3 Bh3+ 28. Kg1 Rxf7 29. Rxf7+ Qxf7 30. Qf3 Rf8 31. Qxf7+
Rxf7 32. Bf4 g5 33. Be3 a6 34. Bf2 Kg6 35. Rc1 Kf6 36. Rc7 Rxc7 37. dxc7
Ke7 38. Bb6 Kd7 39. a4 a5 40. Bxa5 Kc6 41. Kf2 b6 42. Bc3 Kxc7 43. Bg7 Bd7
44. Bxh6 g4 45. Ke3 Bxa4 46. Kf4 Bd7 47. e4 Kd6 48. Bf8+ Ke6 49. Bb4 Kf7
50. Ke5 Be6 51. Kd6 b5 52. e5 Bc4 53. Bc3 1/2-1/2

[Event "WJun Girls"]
[Site "Yerevan ARM"]
[Date "2006.10.16"]
[Round "13"]
[White "Gomes,M"]
[Black "Arutyunova,D"]
[Result "1-0"]
[WhiteElo "2264"]
[BlackElo "2362"]
[EventDate "2006.10.03"]

1. Nf3 Nf6 2. c4 c5 3. Nc3 Nc6 4. d4 cxd4 5. Nxd4 Qb6 6. Nb3 d6 7. h3 Be6
8. e4 Na5 9. Be3 Qc7 10. Nd4 Bd7 11. Rc1 Qd8 12. Be2 Rc8 13. b3 a6 14. O-O
Nc6 15. f4 e6 16. Qd2 Be7 17. Rfd1 Nxd4 18. Bxd4 Bc6 19. Qe3 O-O 20. Qg3
Qc7 21. b4 e5 22. fxe5 dxe5 23. Bxe5 Qb6+ 24. Kh1 Qxb4 25. Nd5 Bxd5 26.
exd5 Rfd8 27. Rb1 Qc5 28. Rf1 Bd6 29. Bxd6 Ne4 30. Qh4 Nxd6 31. Bd3 g6 32.
Qf6 Rd7 33. Rf4 Ne8 34. Qg5 Qe7 35. Qg3 Ng7 36. Re1 Nh5 37. Qf2 Qc5 38. Rd4
b5 39. Qh4 Ng7 40. Rb1 b4 41. Re1 a5 42. Rde4 Qd6 43. Qh6 f5 44. Re5 Rf7
45. Qf4 Qf6 46. Qd4 Qd6 47. Bc2 Rff8 48. Bd1 Rc7 49. Bb3 Rff7 50. Qf4 Rfe7
51. c5 Rxe5 52. Qxe5 Qxe5 53. Rxe5 Kf8 54. d6 Ra7 55. c6 Ra8 56. c7 Ne8 57.
Rxe8+ 1-0

[Event "WJun Girls"]
[Site "Yerevan ARM"]
[Date "2006.10.16"]
[Round "13"]
[White "Aketaeva,D"]
[Black "Priya,P"]
[Result "1-0"]
[WhiteElo "2312"]
[BlackElo "2128"]
[EventDate "2006.10.03"]

1. Nf3 Nf6 2. c4 e6 3. Nc3 b6 4. g3 Bb7 5. Bg2 Be7 6. O-O O-O 7. d4 Ne4 8.
Qc2 Nxc3 9. Qxc3 c5 10. Rd1 Bf6 11. Qc2 Qc8 12. d5 exd5 13. cxd5 d6 14. Ng5
Bxg5 15. Bxg5 Re8 16. Be4 h6 17. Bh7+ Kf8 18. Bf4 Qd8 19. Qc3 Qe7 20. Bxh6
Qe5 21. Bf4 Qe7 22. Bf5 Nd7 23. Bh3 Kg8 24. e4 Rad8 25. Bg2 b5 26. Qa5 a6
27. Qc7 Ne5 28. Qxe7 Rxe7 29. Bxe5 Rxe5 30. f4 Re7 31. e5 Bc8 32. Re1 Kf8
33. Kf2 Bb7 34. Rad1 Rc7 35. Re3 Rcd7 36. Bh3 Re7 37. Bg4 c4 38. a3 a5 39.
Be2 dxe5 40. d6 Re6 41. Rxe5 Bc6 42. Rxe6 fxe6 43. a4 c3 44. bxc3 bxa4 45.
c4 Rb8 46. Bg4 Bd7 47. Ke3 Rb2 48. Bf3 a3 49. Kd4 a2 50. Ra1 Rxh2 51. c5
Rd2+ 52. Kc3 Rf2 53. Be4 Ke8 54. c6 Bc8 55. Bg6+ Kd8 56. Rh1 a1=Q+ 57. Rxa1
Rf3+ 58. Kd4 Rxg3 59. Be4 Rh3 60. Rxa5 Rh4 61. Ra8 1-0

[Event "WJun Girls"]
[Site "Yerevan ARM"]
[Date "2006.10.16"]
[Round "13"]
[White "Darbinyan,A"]
[Black "Nadig,K"]
[Result "0-1"]
[WhiteElo "2102"]
[BlackElo "2184"]
[EventDate "2006.10.03"]

1. Nf3 Nf6 2. c4 c5 3. Nc3 d5 4. cxd5 Nxd5 5. g3 Nc6 6. Bg2 Nc7 7. O-O g6
8. d3 Bg7 9. Be3 Ne6 10. Rc1 O-O 11. Na4 b6 12. Ne5 Bxe5 13. Bxc6 Rb8 14.
a3 Qd6 15. Bg2 Bd7 16. Nc3 Bc6 17. Qd2 Rfc8 18. Ne4 Qd7 19. b4 cxb4 20.
axb4 Nd4 21. Bxd4 Bxd4 22. e3 Bg7 23. d4 Bd5 24. Nc3 Bxg2 25. Kxg2 a5 26.
Qb2 e6 27. b5 Rc4 28. Kg1 Rbc8 29. f4 Qc7 30. Ne2 Rc2 31. Qb1 Bf8 32. Kf2
a4 33. Rxc2 Qxc2 34. Rc1 Qxb1 35. Rxb1 a3 36. Kf3 Rc2 37. h3 a2 38. Ra1 Ba3
39. e4 Kf8 40. g4 f5 41. gxf5 gxf5 42. e5 Kf7 43. Ng1 Bb4 44. Ne2 Bd2 45.
d5 exd5 46. Nd4 Rb2 47. Nxf5 Bc3 48. Rg1 Rb3 49. Rg7+ Kf8 0-1